|
|
|
|
| LEADER |
01495nam a2200289 a 4500 |
| 001 |
GR-MES13170 |
| 008 |
070924s gr b 001 0 gre d |
| 020 |
|
|
|a 0761925961
|
| 040 |
|
|
|a GrPaTEI
|b gre
|c GR-PaULI
|
| 040 |
|
|
|a GrPaTEI
|b gre
|c GR-PaULI
|
| 082 |
|
0 |
|a 362.829 209
|2 21
|
| 100 |
1 |
|
|a Malley-Morrison, Kathleen
|
| 245 |
1 |
0 |
|a Family violence in a cultural perspective :
|b Defining, understanding, and combating abuse /
|c Kathleen Malley-Morrison / Denise A. Hines.
|
| 260 |
|
|
|a Thousand Oaks :
|b Sage publications,
|c c2004
|
| 300 |
|
|
|a xii
|a 313σ. ;
|c 26εκ.
|
| 504 |
|
|
|a Περιλαμβάνει βιβλιογραφίες και ευρετήριο.
|
| 650 |
|
0 |
|a Family violence
|
| 650 |
|
0 |
|a INTERPERSONAL RELATIONS AND CULTURE
|z UNITED STATES
|
| 650 |
|
0 |
|a SOCIAL WORK WITH MINORITIES
|z UNITED STATES
|
| 650 |
|
4 |
|a ΚΟΙΝΩΝΙΚΗ ΕΡΓΑΣΙΑ ΜΕ ΑΝΗΛΙΚΟΥΣ
|z ΗΝΩΜΕΝΕΣ ΠΟΛΙΤΕΙΕΣ ΑΜΕΡΙΚΗΣ
|
| 653 |
|
|
|a ΔΙΑΠΡΟΣΩΠΙΚΕΣ ΣΧΕΣΕΙΣ--ΗΝΩΜΕΝΕΣ ΠΟΛΙΤΕΙΕΣ ΑΜΕΡΙΚΗΣ
|
| 653 |
|
|
|a ΟΙΚΟΓΕΝΕΙΑΚΗ ΒΙΑ--ΗΝΩΜΕΝΕΣ ΠΟΛΙΤΕΙΕΣ ΑΜΕΡΙΚΗΣ
|
| 700 |
1 |
|
|a Hines, Denise A.
|
| 942 |
|
|
|2 ddc
|
| 952 |
|
|
|0 0
|1 0
|2 ddc
|4 0
|6 362_829000000000000_209_MAL
|7 0
|9 271677
|a MSLG
|b MSLG
|c BSC
|d 2021-01-17
|e 24
|f 0
|g 0.00
|l 0
|o 362.829 209 MAL
|p 2420000022562
|r 2021-01-17 00:00:00
|t 1
|w 2021-01-17
|y BK15
|x 20070924 0 ΤΣΑΝΤΑΡΛΙΩΤΗ 1
|x GrPaTEI
|
| 971 |
|
|
|a .b25792180
|b 15-04-20
|c 13-09-16
|
| 999 |
|
|
|c 156970
|d 156970
|